| 000 | 01413nam a2200361 a 4500 | ||
|---|---|---|---|
| 001 | 000008145 | ||
| 003 | DO-SdBNP | ||
| 005 | 20230802135100.0 | ||
| 008 | 090915s1929 dr 000 0 spa d | ||
| 040 |
_aDO-SdBNP _bspa _cBNPHU |
||
| 049 | _aBNPD | ||
| 082 |
_a633.71 _bB388t |
||
| 100 | 1 |
_aBecan, Etienne _922101 |
|
| 245 | 1 | 3 |
_aEl tabaco su preparación, su venta ; Las enfermedades perjudiciales al cultivo de la cebolla / _cEtienne Becan ; Giuseppe Russo. |
| 246 | 1 | 3 | _aLas enfermedades perjudiciales al cultivo de la cebolla |
| 260 |
_aSanto Domingo : _bDepartamento de Agricultura, _c1929. |
||
| 300 |
_a18, 50 p. ; _c24 cm. |
||
| 490 | 1 | _aVulgarización agrícola | |
| 501 | _aPublicado con: Las enfermedades perjudiciales al cultivo de la cebolla por Giuseppe Russo. | ||
| 563 | _aDos obras encuadernadas juntas con paginación independiente. | ||
| 650 | 4 |
_aTabaco _xCultivo _921028 |
|
| 650 | 4 |
_aIndustria tabacalera _xRepública dominicana _921027 |
|
| 650 | 4 |
_aCebolla _xEnfermedades y plagas _922102 |
|
| 650 | 4 |
_aHortalizas de bulbo _922103 |
|
| 650 | 4 |
_aControl de plagas _920180 |
|
| 650 | 4 |
_aPlagas agrícolas _922104 |
|
| 650 | 4 |
_aPatología vegetal _922105 |
|
| 700 | 1 |
_aRusso, Giuseppe _922106 |
|
| 740 | 4 | 2 | _aLas enfermedades perjudiciales al cultivo de la cebolla |
| 830 | 0 |
_aVulgarización agrícola _922107 |
|
| 910 | _aValidado. Control de calidad EMS | ||
| 942 |
_2ddc _cLBS1 |
||
| 999 |
_c7922 _d7922 |
||